| 000 | 00421nam a2200157 i 4500 | ||
|---|---|---|---|
| 001 | 89701 | ||
| 003 | ES-MaACL | ||
| 005 | 20230906180241.0 | ||
| 007 | t| | ||
| 008 | 050112s1933 fr ||||1| fre d | ||
| 100 | 1 |
_aLawrence, D.H. ( _d1885-1930) _970743 |
|
| 245 | 1 | 0 |
_aLady Chatterley's lover / _cby D.H. Lawrence. |
| 260 |
_aParis : _bOdyssey Press, _c1933. |
||
| 300 |
_a359 p. ; _c19 cm. |
||
| 852 |
_aES-MaACL _jA-2134 |
||
| 999 |
_c89701 _d89701 |
||